| 000 | 00482nam a2200181Ia 4500 | ||
|---|---|---|---|
| 005 | 20250923144537.0 | ||
| 008 | 008 250917s9999 xx 000 0 eng d | ||
| 037 | _aTextual | ||
| 040 |
_aDSWL _beng _cDSWL |
||
| 041 |
_aeng _2eng |
||
| 084 | _qDSWL | ||
| 100 |
_aBecker, H _9825956 |
||
| 245 | 0 |
_aGerman youth in London Press _cby H Becker |
|
| 260 |
_aLondon _bKegan Paul Ltd _c1946 |
||
| 300 | _axii,286,11 p. | ||
| 942 | _cTEXL | ||
| 999 |
_c1440260 _d1440260 |
||